Call it love or call it quits: (Record no. 14792)

000 -LEADER
fixed length control field 00724nam a2200217 a 4500
001 - CONTROL NUMBER
control field :::00012626$&:&@@
003 - CONTROL NUMBER IDENTIFIER
control field OkBaRHE
005 - DATE AND TIME OF LATEST TRANSACTION
control field 20000607103421.0
008 - FIXED-LENGTH DATA ELEMENTS--GENERAL INFORMATION
fixed length control field s1988 j 000 0 eng u
040 ## - CATALOGING SOURCE
Transcribing agency
100 1# - MAIN ENTRY--PERSONAL NAME
Personal name Timmons, Tim.
245 10 - TITLE STATEMENT
Title Call it love or call it quits:
Remainder of title the single's guide to meaningful relationships.
260 ## - PUBLICATION, DISTRIBUTION, ETC. (IMPRINT)
Place of publication, distribution, etc Dallas, TX., :
Name of publisher, distributor, etc Word Publishing
Date of publication, distribution, etc c1988
300 ## - PHYSICAL DESCRIPTION
Extent 179 p. ;
Dimensions 24 cm.
650 ## - SUBJECT ADDED ENTRY--TOPICAL TERM
Topical term or geographic name as entry element Dating (Social Customs)
650 ## - SUBJECT ADDED ENTRY--TOPICAL TERM
Topical term or geographic name as entry element Interpersonal Relations
650 ## - SUBJECT ADDED ENTRY--TOPICAL TERM
Topical term or geographic name as entry element Single People
General subdivision United States
-- Psychology
700 ## - ADDED ENTRY--PERSONAL NAME
Personal name Hedges, Charlie, 1949-
942 ## - ADDED ENTRY ELEMENTS (KOHA)
Source of classification or shelving scheme
Koha item type Books
Copies
Barcode Source of classification or shelving scheme Damaged status Copy number Withdrawn status Shelving location Not for loan Date acquired Permanent Location Koha item type Date last seen Lost status Full call number Price effective from
12626  1 General Stacks 2010-04-14RHEMA Bible Training CollegeBooks2010-04-14 HQ 801 .T492010-04-14